00386cam a2200157ua 45000010005000000080039000050400009000440410008000530820010000611000031000712450050001022500009001522600028001613000010001896530029001999031150220n ii |||gr||||Z||||||asm cMAIN aasm a294.5 aBorkakoti, S. K.,eEditor.1 aBardowa-gurucharitcEdited by S. K. Borkakoti a1st. aGuwahati:bBani,c2009. a152p. aReligions ofIndic origin